000 00927nam a2200205Ia 4500
001 14962
003 GE_BSU
008 181216s||||||||xx |||||||||||||| ||und||
040 _cGE_BSU
080 _a517.98+517.91
100 _aБохнер,С.
245 _aЛекции об интегралах Фурье с добавлением автора о монотонных функциях, интегралах Стильтьеса и гармоническом анализе
245 _cПод.ред.Я.И.Житомирского с предисл.Г.Е.Шилова
260 _aМосква
260 _bНаука
260 _c1962
300 _a358стр.20см.
653 _aЛекции об интегралах Фурье с добавлением автора о монотонных функциях, интегралах Стильтьеса и гармоническом анализе
942 _cBK
999 _c48082
_d48082